00777nam a2200253 a 4500001001300000003000900013005001700022008004100039020001000080082001300090100002200103245008000125260005900205300000900264500003500273505001000308650002600318650003400344700002200378902000800400942000700408952009300415999001500508nice12345678IN_TiNIC20260116011437.0050524s1929 lona grp 000 0 eng  ac10000a232bREL aRelton, H Maurice aStudy in Christologyb the Problem of the Relation of the Two Natures in Th aLondonbSociety for Promoting Christian Knowledgc1929 a277p aincludes index and biblioraphy2 aIndex aJesus Christ-Divinity aTheology-Dotrinal-Incarnation1 aRelton, H Maurice bSRS cBK 00104070aHMIbHMId2007-06-15g100.00l0o232 RELp1320r2007-06-15w2026-01-16yARB c1584d1584